[Event "ROM-ch"]
[Site "Eforie Nord"]
[Date "2009.02.06"]
[Round "7"]
[White "Bondoc, Dan Vladimir"]
[Black "Filip, Lucian Ioan"]
[Result "0-1"]
[WhiteElo "2191"]
[BlackElo "2458"]
[PlyCount "134"]
[EventDate "2009.01.31"]
[EventType "swiss"]
[EventRounds "9"]
[EventCountry "ROU"]
[SourceTitle "CBM 130 Extra"]
[Source "ChessBase"]
[SourceDate "2009.07.02"]
[SourceVersion "2"]
[SourceVersionDate "2009.07.15"]
[SourceQuality "1"]

1. e4 c5 2. Nf3 e6 3. d4 cxd4 4. Nxd4 Nc6 5. Nb5 d6 6. c4 Nf6 7. N1c3 a6 8. Nd4 Be7 9. Be2 0-0 10. Be3 d5 11. exd5 exd5 12. 0-0 Nxd4 13. Qxd4 dxc4 14. Bxc4 Qxd4 15. Bxd4 Rd8 16. Bb6 Rd2 17. b3 Bd7 18. Rfd1 Rxd1+ 19. Rxd1 Bc6 20. h3 Kf8 21. Ne2 Nd7 22. Ba5 Ne5 23. Bd5 Bxd5 24. Rxd5 Nc6 25. Bb6 Ke8 26. Ng3 Rc8 27. Nf5 g6 28. Ne3 Bd8 29. Bc5 Ne7 30. Bxe7 Bxe7 31. Nc4 Rd8 32. Rxd8+ Kxd8 33. Kf1 Kd7 34. Ke2 b5 35. Ne5+ Ke6 36. Nd3 Kd5 37. Ke3 Bg5+ 38. f4 Be7 39. g4 Bd6 40. Nb2 h6 41. Nd3 g5 42. fxg5 hxg5 43. Ne1 Bc5+ 44. Kd3 Ke5 45. Ng2 f6 46. a4 bxa4 47. bxa4 Bb6 48. Ne3 Bxe3 49. Kxe3 a5 50. Kf3 Kd4 51. Kg3 Kc4 52. h4 gxh4+ 53. Kxh4 Kb4 54. Kh5 Kxa4 55. Kg6 Kb5 56. Kxf6 a4 57. g5 a3 58. g6 a2 59. g7 a1Q+ 60. Kf7 Qf1+ 61. Ke8 Qe2+ 62. Kf8 Qf3+ 63. Ke8 Qe4+ 64. Kf8 Qf5+ 65. Ke8 Qe6+ 66. Kf8 Qf6+ 67. Kg8 Kc6 0-1

[Event "ROM-ch"]
[Site "Eforie Nord"]
[Date "2009.02.04"]
[Round "5"]
[White "Bondoc, Dan Vladimir"]
[Black "Nanu, Florentin Gabriel"]
[Result "1-0"]
[WhiteElo "2191"]
[BlackElo "1879"]
[PlyCount "91"]
[EventDate "2009.01.31"]
[EventType "swiss"]
[EventRounds "9"]
[EventCountry "ROU"]
[SourceTitle "CBM 130 Extra"]
[Source "ChessBase"]
[SourceDate "2009.07.02"]
[SourceVersion "2"]
[SourceVersionDate "2009.07.15"]
[SourceQuality "1"]

1. e4 c5 2. Nf3 Nc6 3. d4 cxd4 4. Nxd4 e5 5. Nb5 a6 6. Nd6+ Bxd6 7. Qxd6 Qf6 8. Qa3 Qg6 9. f3 d5 10. Nc3 Nge7 11. Kf2 0-0 12. h4 h5 13. Bg5 f6 14. Bd2 dxe4 15. Nxe4 Kh8 16. Rd1 Bf5 17. Bd3 Bxe4 18. Bxe4 f5 19. Bxc6 Nxc6 20. Bg5 Nd4 21. c3 Nb5 22. Qc5 Rae8 23. Rhe1 e4 24. a4 Rc8 25. Qb4 Nc7 26. Rd6 Qf7 27. Red1 exf3 28. gxf3 f4 29. Rd7 Qf5 30. Kg2 Rfe8 31. Qxf4 Qc2+ 32. R1d2 Re2+ 33. Kg3 Rxd2 34. Qxd2 Qxa4 35. Rxc7 Rxc7 36. Qd8+ Kh7 37. Qxc7 Qd1 38. Be3 Qe2 39. Qc5 Qxb2 40. Qxh5+ Kg8 41. Qe8+ Kh7 42. Qe4+ Kg8 43. Bd4 Qb5 44. Qe6+ Kf8 45. c4 Qb1 46. Bc5# 1-0

[Event "ROM-ch"]
[Site "Eforie Nord"]
[Date "2009.02.02"]
[Round "2"]
[White "Ardelean, George Catalin"]
[Black "Bondoc, Dan Vladimir"]
[Result "1/2-1/2"]
[WhiteElo "2502"]
[BlackElo "2191"]
[PlyCount "84"]
[EventDate "2009.01.31"]
[EventType "swiss"]
[EventRounds "9"]
[EventCountry "ROU"]
[SourceTitle "CBM 130 Extra"]
[Source "ChessBase"]
[SourceDate "2009.07.02"]
[SourceVersion "2"]
[SourceVersionDate "2009.07.15"]
[SourceQuality "1"]

1. e4 c5 2. Nf3 Nc6 3. d4 cxd4 4. Nxd4 Qc7 5. Nc3 e6 6. Be2 a6 7. 0-0 Nf6 8. Kh1 d6 9. f4 Be7 10. Be3 0-0 11. Qe1 Bd7 12. Qg3 Rfe8 13. Rae1 b5 14. e5 dxe5 15. fxe5 Nxe5 16. Bh6 g6 17. Bf4 Bd6 18. Bd1 b4 19. Nb1 Nc4 20. Bxd6 Qxd6 21. Qxd6 Nxd6 22. Rxf6 Nf5 23. Rxf5 exf5 24. Rf1 Rad8 25. c3 a5 26. Kg1 Bc8 27. Ba4 Re3 28. Kf2 f4 29. Rc1 Ba6 30. Bd1 bxc3 31. bxc3 Rb8 32. Bb3 a4 33. Bxa4 Rb2+ 34. Bc2 Rxa2 35. g3 Bb7 36. Rd1 h5 37. Rd2 Kg7 38. gxf4 Rh3 39. Ke1 Ra1 40. Nb3 Ra8 41. Nd4 Ra1 42. Nb3 Ra8 1/2-1/2

[Event "ROM-ch"]
[Site "Predeal"]
[Date "2006.12.04"]
[Round "8"]
[White "Voiteanu, Christian Gabriel"]
[Black "Bondoc, Dan Vladimir"]
[Result "1-0"]
[WhiteElo "2218"]
[BlackElo "2234"]
[PlyCount "42"]
[EventDate "2006.11.27"]
[EventType "swiss"]
[EventRounds "11"]
[EventCountry "ROU"]
[SourceTitle "CBM 115 Extra"]
[Source "ChessBase"]
[SourceDate "2007.01.10"]
[SourceVersion "1"]
[SourceVersionDate "2007.01.10"]
[SourceQuality "1"]

1. d4 Nf6 2. c4 c5 3. Nf3 e6 4. g3 d5 5. Bg2 h6 6. 0-0 a6 7. Nc3 Nc6 8. cxd5 exd5 9. Bf4 Be6 10. Rc1 c4 11. Ne5 Rc8 12. Nxc4 Nxd4 13. Ne3 Nc6 14. Nexd5 Nd7 15. Be3 Nce5 16. Nf4 Bf5 17. Bxb7 Rb8 18. Bxa6 Rxb2 19. Nb5 Rxb5 20. Bxb5 Ba3 21. Qd5 Qb8 1-0

[Event "ROM-ch"]
[Site "Predeal"]
[Date "2006.12.02"]
[Round "6"]
[White "Nanu, Ciprian Costica"]
[Black "Bondoc, Dan Vladimir"]
[Result "1/2-1/2"]
[WhiteElo "2482"]
[BlackElo "2234"]
[PlyCount "106"]
[EventDate "2006.11.27"]
[EventType "swiss"]
[EventRounds "11"]
[EventCountry "ROU"]
[SourceTitle "CBM 115 Extra"]
[Source "ChessBase"]
[SourceDate "2007.01.10"]
[SourceVersion "1"]
[SourceVersionDate "2007.01.10"]
[SourceQuality "1"]

1. Nf3 Nf6 2. b3 b6 3. Bb2 e6 4. e3 Bb7 5. c4 Be7 6. d4 0-0 7. Bd3 d5 8. 0-0 Nbd7 9. Nc3 Ne4 10. cxd5 exd5 11. Qc2 f5 12. Ne5 c5 13. Ne2 Rc8 14. dxc5 Rxc5 15. Qd1 Bd6 16. Nxd7 Qxd7 17. Bd4 Rc7 18. Rc1 Rfc8 19. Rxc7 Qxc7 20. g3 Qf7 21. Nf4 g6 22. h4 h5 23. Qe2 Kh7 24. Qb2 Qe7 25. Rc1 Rxc1+ 26. Qxc1 Nc5 27. Bf1 Ne6 28. Nxe6 Qxe6 29. Bg2 Qe7 30. a4 Qc7 31. Qb2 Bf8 32. b4 Qc4 33. Bc3 d4 34. exd4 Bxg2 35. Kxg2 Qc6+ 36. Kh2 Qf3 37. Qd2 Bd6 38. Qe1 f4 39. Bd2 fxg3+ 40. fxg3 a6 41. b5 axb5 42. axb5 Qf6 43. Kg1 Qxd4+ 44. Qe3 Bc5 45. Qxd4 Bxd4+ 46. Kg2 Kg7 47. Kf3 Kf6 48. Ke4 Bf2 49. Bf4 Ke6 50. Bc7 Bg1 51. Bb8 Bc5 52. Kf4 Kf6 53. Ke4 Ke6 1/2-1/2

[Event "ROM-ch"]
[Site "Predeal"]
[Date "2006.12.01"]
[Round "5"]
[White "Bondoc, Dan Vladimir"]
[Black "Daianu, Cristian Clement"]
[Result "1-0"]
[WhiteElo "2234"]
[BlackElo "2133"]
[PlyCount "65"]
[EventDate "2006.11.27"]
[EventType "swiss"]
[EventRounds "11"]
[EventCountry "ROU"]
[SourceTitle "CBM 115 Extra"]
[Source "ChessBase"]
[SourceDate "2007.01.10"]
[SourceVersion "1"]
[SourceVersionDate "2007.01.10"]
[SourceQuality "1"]

1. e4 c5 2. Nf3 d6 3. d4 cxd4 4. Nxd4 Nf6 5. Nc3 a6 6. Bg5 e6 7. f4 Be7 8. Qf3 Qc7 9. 0-0-0 Nc6 10. Be2 Bd7 11. Qe3 0-0 12. Bf3 Rac8 13. Rhe1 Nxd4 14. Qxd4 Bb5 15. Bh4 Rfd8 16. Bf2 Nd7 17. Qd2 Nb6 18. Nxb5 axb5 19. Re2 Ra8 20. Kb1 Ra4 21. b3 Ra6 22. Qb4 d5 23. Qxb5 dxe4 24. Rxd8+ Qxd8 25. Rxe4 Nd5 26. Rc4 Bf6 27. Qxb7 Rxa2 28. Bd4 Bxd4 29. Rxd4 Nc3+ 30. Kc1 Ne2+ 31. Bxe2 Ra1+ 32. Kb2 Qxd4+ 33. c3 1-0

[Event "ROM-ch"]
[Site "Predeal"]
[Date "2006.11.29"]
[Round "3"]
[White "Bondoc, Dan Vladimir"]
[Black "Moldovan, Daniel"]
[Result "1/2-1/2"]
[WhiteElo "2234"]
[BlackElo "2450"]
[PlyCount "29"]
[EventDate "2006.11.27"]
[EventType "swiss"]
[EventRounds "11"]
[EventCountry "ROU"]
[SourceTitle "CBM 115 Extra"]
[Source "ChessBase"]
[SourceDate "2007.01.10"]
[SourceVersion "1"]
[SourceVersionDate "2007.01.10"]
[SourceQuality "1"]

1. e4 c5 2. Nf3 Nc6 3. d4 cxd4 4. Nxd4 Nf6 5. Nc3 d6 6. Bc4 Bd7 7. Bb3 g6 8. f3 Nxd4 9. Qxd4 Bg7 10. Be3 0-0 11. Qd2 b5 12. a3 a5 13. Nd5 Nxd5 14. Bxd5 Rc8 15. c3 1/2-1/2

[Event "Bucharest Revolution Memorial"]
[Site "Bucharest"]
[Date "2003.12.??"]
[Round "?"]
[White "Lemmers, Oscar"]
[Black "Bondoc, Dan Vladimir"]
[Result "1-0"]
[WhiteElo "2393"]
[BlackElo "2266"]
[PlyCount "52"]
[EventDate "2003.12.??"]
[EventType "swiss"]
[EventRounds "7"]
[EventCountry "ROU"]
[SourceTitle "EXT 2008"]
[Source "ChessBase"]
[SourceDate "2007.11.25"]
[SourceVersion "1"]
[SourceVersionDate "2007.11.25"]
[SourceQuality "1"]

1. e4 c5 2. c3 Nf6 3. e5 Nd5 4. Nf3 e6 5. Bc4 Nb6 6. Bb3 d6 7. d4 Bd7 8. 0-0 Qc7 9. Bf4 Bc6 10. dxc5 dxc5 11. Nbd2 h6 12. Qe2 N8d7 13. Ne4 Nd5 14. Bg3 b6 15. Nfd2 0-0-0 16. Nc4 Kb8 17. Rfd1 Be7 18. Ncd6 Rdf8 19. c4 Nb4 20. a3 Na6 21. Bc2 h5 22. h3 Rh6 23. Rab1 h4 24. Bh2 Ba8 25. b4 cxb4 26. axb4 Qd8 1-0

[Event "Ploiesti Master op"]
[Site "Ploiesti"]
[Date "2003.06.05"]
[Round "7"]
[White "Dobre, Claudiu Cristian"]
[Black "Bondoc, Dan Vladimir"]
[Result "1/2-1/2"]
[WhiteElo "2166"]
[BlackElo "2275"]
[PlyCount "103"]
[EventDate "2003.05.30"]
[EventType "swiss"]
[EventRounds "9"]
[EventCountry "ROU"]
[SourceTitle "EXT 2004"]
[Source "ChessBase"]
[SourceDate "2003.11.25"]
[SourceVersion "1"]
[SourceVersionDate "2003.11.25"]
[SourceQuality "1"]

1. d4 Nf6 2. c4 c5 3. d5 b5 4. f3 d6 5. e4 g6 6. cxb5 Bg7 7. Ne2 0-0 8. Nec3 a6 9. Na3 e6 10. Bc4 exd5 11. Nxd5 Be6 12. b6 Ne8 13. Qb3 Nc6 14. 0-0 Rb8 15. Qa4 Nb4 16. Nxb4 cxb4 17. Qxb4 Rxb6 18. Qd2 Nc7 19. Rb1 Nb5 20. Bxb5 axb5 21. b3 Ra6 22. Bb2 Qb6+ 23. Kh1 Bxb2 24. Qxb2 Rfa8 25. Nc2 Rxa2 26. Qc3 Rc8 27. Qd4 Qc5 28. Qxc5 dxc5 29. Rf2 Rd8 30. Kg1 b4 31. f4 Rd3 32. Nxb4 Rxb3 33. Rxb3 Ra1+ 34. Rf1 Rxf1+ 35. Kxf1 Bxb3 36. Nc6 Bc2 37. e5 Be4 38. Ne7+ Kf8 39. Nc8 c4 40. g3 c3 41. Ke2 h5 42. Nd6 c2 43. Kd2 Bd3 44. Nc8 Ke8 45. Nb6 Ke7 46. Nd5+ Ke6 47. Ne3 f6 48. exf6 Kxf6 49. Nxc2 Bxc2 50. Kxc2 Kf5 51. Kd3 Kg4 52. Ke4 1/2-1/2

[Event "Petre Seimeanu Memorial"]
[Site "Romania"]
[Date "2002.12.07"]
[Round "8"]
[White "Bondoc, Dan Vladimir"]
[Black "Stefan, Bogdan Liviu"]
[Result "1-0"]
[WhiteElo "2246"]
[BlackElo "2140"]
[PlyCount "61"]
[EventDate "2002.11.30"]
[EventType "swiss"]
[EventRounds "9"]
[EventCountry "ROU"]
[SourceTitle "EXT 2008"]
[Source "ChessBase"]
[SourceDate "2007.11.25"]
[SourceVersion "1"]
[SourceVersionDate "2007.11.25"]
[SourceQuality "1"]

1. c4 Nf6 2. Nc3 g6 3. e4 d6 4. d4 Bg7 5. f3 c5 6. Nge2 0-0 7. Be3 Nbd7 8. Qd2 a6 9. 0-0-0 Qc7 10. Kb1 Rb8 11. Nf4 Nb6 12. dxc5 dxc5 13. g4 Be6 14. Nfd5 Bxd5 15. cxd5 Rbd8 16. h4 Nbd7 17. h5 b5 18. Bf4 Qa5 19. Qh2 Qb4 20. e5 Nxe5 21. Bxe5 c4 22. hxg6 fxg6 23. Ne4 h5 24. gxh5 Nxe4 25. fxe4 c3 26. Bxg7 Kxg7 27. Qe5+ Rf6 28. Rh2 Qa4 29. Qxe7+ Rf7 30. Qe5+ Rf6 31. b3 1-0

[Event "Bucharest Revolution Memorial"]
[Site "Bucharest"]
[Date "2002.12.??"]
[Round "?"]
[White "Bondoc, Dan Vladimir"]
[Black "Baciu, Anca Otilia"]
[Result "1-0"]
[WhiteElo "2234"]
[BlackElo "2105"]
[PlyCount "57"]
[EventDate "2002.12.??"]
[EventType "swiss"]
[EventRounds "7"]
[EventCountry "ROU"]
[SourceTitle "EXT 2008"]
[Source "ChessBase"]
[SourceDate "2007.11.25"]
[SourceVersion "1"]
[SourceVersionDate "2007.11.25"]
[SourceQuality "1"]

1. c4 c5 2. Nf3 g6 3. e4 Bg7 4. d4 cxd4 5. Nxd4 Nc6 6. Be3 d6 7. Nc3 Nf6 8. Be2 0-0 9. 0-0 Nxd4 10. Bxd4 Be6 11. b3 Qa5 12. f3 a6 13. Qd2 Rfb8 14. a4 Qb4 15. Rfd1 b5 16. cxb5 Bxb3 17. Rab1 axb5 18. Bxb5 Rxb5 19. axb5 Qc4 20. Rdc1 Nxe4 21. Nxe4 Qxd4+ 22. Qxd4 Bxd4+ 23. Kh1 Ba2 24. Rb4 Bb6 25. Nc3 Be6 26. Na4 Be3 27. Rd1 Bd7 28. Re4 Bxb5 29. Nc3 1-0

[Event "Bucharest Revolution Memorial"]
[Site "Bucharest"]
[Date "2002.12.??"]
[Round "?"]
[White "Itkis, Boris"]
[Black "Bondoc, Dan Vladimir"]
[Result "1-0"]
[WhiteElo "2484"]
[BlackElo "2234"]
[PlyCount "68"]
[EventDate "2002.12.??"]
[EventType "swiss"]
[EventRounds "7"]
[EventCountry "ROU"]
[SourceTitle "EXT 2008"]
[Source "ChessBase"]
[SourceDate "2007.11.25"]
[SourceVersion "1"]
[SourceVersionDate "2007.11.25"]
[SourceQuality "1"]

1. d4 Nf6 2. Nf3 e6 3. c4 d5 4. Nc3 h6 5. Bf4 a6 6. cxd5 exd5 7. e3 Bd6 8. Bxd6 Qxd6 9. Bd3 0-0 10. h3 Nbd7 11. 0-0 Re8 12. Qc2 c5 13. dxc5 Nxc5 14. Rac1 b6 15. Rfd1 Bb7 16. Bf5 Qe7 17. Na4 Nxa4 18. Qxa4 g6 19. Qf4 Qf8 20. Qc7 Rab8 21. Qxb6 Ne4 22. Bxe4 Rxe4 23. Nd4 Ba8 24. Qxa6 Rxb2 25. Rc7 Re8 26. Rdc1 Rbb8 27. a4 Qb4 28. Qf6 Qf8 29. a5 Rbd8 30. Qf4 Re7 31. Rxe7 Qxe7 32. Rc7 Qf8 33. a6 h5 34. Qe5 Re8 1-0

[Event "Bucharest Juventus"]
[Site "Bucharest"]
[Date "2002.08.16"]
[Round "11"]
[White "Tikhomirov, Sergei"]
[Black "Bondoc, Dan Vladimir"]
[Result "1-0"]
[WhiteElo "2316"]
[BlackElo "2234"]
[PlyCount "117"]
[EventDate "2002.08.05"]
[EventType "tourn"]
[EventRounds "11"]
[EventCountry "ROU"]
[EventCategory "3"]
[SourceTitle "CBM 089 Extra"]
[Source "ChessBase"]
[SourceDate "2002.09.10"]
[SourceVersion "2"]
[SourceVersionDate "2002.09.10"]
[SourceQuality "1"]

1. e4 c6 2. Nf3 d5 3. Nc3 a6 4. d3 Bg4 5. h3 Bxf3 6. Qxf3 e6 7. g4 Nd7 8. Bd2 Bd6 9. Bg2 Ne7 10. Qe2 d4 11. Nd1 Ng6 12. c3 c5 13. e5 Bxe5 14. Bxb7 Ra7 15. Be4 Qb8 16. cxd4 cxd4 17. b3 Bf4 18. Nb2 0-0 19. Nc4 Nf6 20. Bxg6 hxg6 21. 0-0 Nd5 22. Rfe1 Rc8 23. Ba5 Rd7 24. Qe4 Nc3 25. Qf3 Rc5 26. Bxc3 dxc3 27. d4 Rxd4 28. Qxc3 Rcd5 29. Qf3 Rd3 30. Qg2 g5 31. Re2 Qa7 32. Kf1 g6 33. Rae1 Kg7 34. Ne3 R5d4 35. Nc2 Rd6 36. Ne3 a5 37. Nc4 R6d5 38. Nb2 R3d4 39. Qf3 Kh7 40. Kg2 Kg7 41. Re4 Qc7 42. Rxd4 Rxd4 43. Nc4 a4 44. Re4 Rd8 45. Qc3+ Kg8 46. Qa5 Qd7 47. Ne5 Qd1 48. Qxa4 Qd5 49. Nc6 Rd7 50. Qc4 Qd1 51. Rd4 Rxd4 52. Nxd4 Qd2 53. a4 Qa5 54. Nc6 Qd2 55. Qe4 Qd1 56. Qf3 Qc2 57. a5 Bc7 58. a6 Bb6 59. a7 1-0

[Event "ROM Supercup"]
[Site "Romania"]
[Date "2001.??.??"]
[Round "?"]
[White "Bondoc, Dan Vladimir"]
[Black "Pasarelu, Dan"]
[Result "1/2-1/2"]
[WhiteElo "2275"]
[BlackElo "2370"]
[PlyCount "113"]
[EventDate "2001.??.??"]
[EventType "tourn"]
[EventRounds "11"]
[EventCountry "ROU"]
[SourceTitle "EXT 2008"]
[Source "ChessBase"]
[SourceDate "2007.11.25"]
[SourceVersion "1"]
[SourceVersionDate "2007.11.25"]
[SourceQuality "1"]

1. e4 e5 2. Nf3 Nc6 3. d4 exd4 4. Nxd4 d6 5. Nc3 Nf6 6. Be2 Be7 7. 0-0 Nxd4 8. Qxd4 0-0 9. h3 Bd7 10. Bf4 c5 11. Qd3 Bc6 12. Rad1 Qb6 13. Bf3 Rad8 14. Qe3 Rfe8 15. Qc1 h6 16. Rfe1 Nh7 17. Nd5 Bxd5 18. exd5 Ng5 19. Bg4 Nh7 20. c3 Bg5 21. Bxg5 Nxg5 22. Bf5 g6 23. h4 Nh7 24. Bd3 Kg7 25. c4 Nf6 26. a3 Re5 27. Rxe5 dxe5 28. Re1 Re8 29. Qc3 Qd6 30. g3 Re7 31. Bf1 Kh7 32. Bh3 Ne8 33. b4 b6 34. b5 f5 35. a4 Nf6 36. a5 e4 37. Kg2 h5 38. axb6 axb6 39. Ra1 Nd7 40. Ra8 Ne5 41. Rc8 Qd7 42. Ra8 Qd6 43. Rc8 Qd7 44. Ra8 Re8 45. Ra6 Qd6 46. Ra7+ Re7 47. Ra8 Nf7 48. Ra6 Rb7 49. Kg1 Qe5 50. Qe3 Qd4 51. Bf1 Ne5 52. Be2 Kg7 53. Ra8 Kf6 54. Re8 Re7 55. Rb8 Nd7 56. Rb7 Rg7 57. Kg2 1/2-1/2

[Event "ROM Supercup"]
[Site "Romania"]
[Date "2001.??.??"]
[Round "?"]
[White "Bondoc, Dan Vladimir"]
[Black "Pessi, Emil George"]
[Result "1-0"]
[WhiteElo "2275"]
[BlackElo "2255"]
[PlyCount "81"]
[EventDate "2001.??.??"]
[EventType "tourn"]
[EventRounds "11"]
[EventCountry "ROU"]
[SourceTitle "EXT 2008"]
[Source "ChessBase"]
[SourceDate "2007.11.25"]
[SourceVersion "1"]
[SourceVersionDate "2007.11.25"]
[SourceQuality "1"]

1. c4 e5 2. Nc3 Nf6 3. Nf3 e4 4. Ng5 b5 5. d3 exd3 6. exd3 bxc4 7. dxc4 Bb4 8. Bd2 0-0 9. Be2 Nc6 10. 0-0 Nd4 11. Bd3 Bb7 12. Re1 h6 13. Nge4 Nxe4 14. Bxe4 Bxe4 15. Rxe4 Ne6 16. Nd5 Bxd2 17. Qxd2 Rb8 18. Rd1 a5 19. b3 a4 20. b4 f5 21. Re5 Qh4 22. Qc3 c6 23. g3 Qd8 24. Ne3 Qf6 25. f4 d6 26. Rxd6 Nxf4 27. Rxf6 Ne2+ 28. Kg2 Nxc3 29. Rxf8+ Rxf8 30. Nxf5 Nxa2 31. Ne7+ Kh7 32. Nxc6 Nc3 33. b5 Rf6 34. Re3 Nd1 35. Ra3 Rf2+ 36. Kg1 Rc2 37. b6 Rb2 38. c5 g5 39. Ne5 h5 40. c6 Nf2 41. c7 1-0

[Event "ROM-chT"]
[Site "Sovata"]
[Date "2000.04.16"]
[Round "4"]
[White "Bondoc, Dan Vladimir"]
[Black "Parligras, Mircea Emilian"]
[Result "0-1"]
[WhiteElo "2284"]
[BlackElo "2416"]
[PlyCount "108"]
[EventDate "2000.04.13"]
[EventType "team"]
[EventRounds "5"]
[EventCountry "ROU"]
[SourceTitle "EXT 2001"]
[Source "ChessBase"]
[SourceDate "2000.11.22"]
[SourceVersion "1"]
[SourceVersionDate "2000.11.22"]
[SourceQuality "1"]

1. e4 c5 2. Nf3 e6 3. d4 cxd4 4. Nxd4 Nf6 5. Nc3 d6 6. g4 h6 7. h4 Nc6 8. Rg1 h5 9. gxh5 Nxh5 10. Bg5 Nf6 11. Qd2 Qb6 12. 0-0-0 Qxd4 13. Qxd4 Nxd4 14. Rxd4 a6 15. Be2 Bd7 16. Rgd1 Bc6 17. a4 Nd7 18. h5 Nf6 19. h6 Nh7 20. Bh4 gxh6 21. b4 Bg7 22. Rc4 Be5 23. b5 axb5 24. Nxb5 Bxb5 25. axb5 Kd7 26. Kd2 Rhc8 27. Rxc8 Rxc8 28. Bd3 Nf8 29. b6 Kc6 30. Rb1 Ng6 31. Bb5+ Kc5 32. Bd7 Ra8 33. Bg3 Bxg3 34. fxg3 Ne5 35. Bb5 Kxb6 36. Be2+ Kc6 37. Rh1 Rg8 38. Rh3 Rg6 39. Ke3 Kc5 40. c3 b6 41. Kf4 Rf6+ 42. Ke3 Nc4+ 43. Kd3 Rg6 44. Bh5 Rg5 45. Be2 d5 46. exd5 Rxd5+ 47. Ke4 Re5+ 48. Kf3 Nd2+ 49. Kf2 Ne4+ 50. Kf1 Nxc3 51. Bf3 b5 52. Rxh6 b4 53. Rh8 b3 54. Rb8 Nb5 0-1

[Event "ROM-ch sf"]
[Site "Baile Tusnad"]
[Date "2000.??.??"]
[Round "9"]
[White "Bondoc, Dan Vladimir"]
[Black "Anuta, Laurentiu"]
[Result "1-0"]
[WhiteElo "2284"]
[BlackElo "2102"]
[PlyCount "81"]
[EventDate "2000.05.??"]
[EventType "swiss"]
[EventRounds "11"]
[EventCountry "ROU"]
[SourceTitle "EXT 2001"]
[Source "ChessBase"]
[SourceDate "2000.11.22"]
[SourceVersion "1"]
[SourceVersionDate "2000.11.22"]
[SourceQuality "1"]

1. e4 c6 2. d3 d5 3. Nd2 e5 4. Ngf3 Bd6 5. g3 Ne7 6. Bg2 0-0 7. 0-0 Bg4 8. h3 Bd7 9. Re1 Qc7 10. b3 b5 11. Bb2 d4 12. c3 c5 13. cxd4 cxd4 14. Nxd4 exd4 15. e5 Bxe5 16. Bxa8 Nbc6 17. Bxc6 Nxc6 18. Kh2 Qd6 19. Nf3 Qf6 20. Rc1 Bd6 21. Kg1 h6 22. Re4 Rc8 23. Qe2 Kh7 24. Kg2 Bf5 25. Nxd4 Nxd4 26. Bxd4 Qd8 27. Rxc8 Qxc8 28. g4 Bd7 29. Bxa7 f5 30. gxf5 Bxf5 31. Qf3 g6 32. Bd4 h5 33. Qe3 Qa8 34. a4 bxa4 35. bxa4 Bf8 36. Bc3 Bh6 37. Qd4 Bxe4+ 38. dxe4 g5 39. Qd7+ Kg8 40. Qe6+ Kh7 41. Qf7+ 1-0